00620nam a2200169 a 450000100100000000500170001000800410002704000250006808200160009311000760010924500630018526000420024830000200029004900090031095201140031999900170043300002897920200930055244.0110413s1996 dr 000 0 spa d aDO-SdBNPbspacBNPHU axxxxbP273p2 aPartido de la Liberación Dominicana.bSecretaría de la Mujer955908 0aPrograma de gobierno para la familia y la mujer 1996-2000. aSanto Domingo :bAlfa & Omega,c1996. a70 p. ;c22 cm. aBNPD 0010718PDaPDbPDcCTd2011-04-13iLF1l0oxxxx P273pp28979-10r2020-06-25w2020-06-25yLFPDZNo se presta c28471d28471